[Event "HCL-C4221"]
[Site "www.playchess.de"]
[Date "2006.03.11"]
[Round "3"]
[White "nichju"]
[Black "patzer55"]
[WhiteElo "977"]
[BlackElo "1484"]
[PlyCount "82"]
[Result "0-1"]

1.e4 {Hallo und viel Glück}  e5 {Hallo, dasselbe 
retour}  2.Nf3 Nc6 3.Bb5 a6 4.Bxc6 dxc6 5.Nxe5 Qe7 
6.d4 c5 7.Nc4 Qxe4+ 8.Be3 Qxg2 9.Kd2 cxd4 10.Bxd4 
Qd5 11.Qe2+ Be6 12.c3 Qxc4 13.Qxc4 Bxc4 14.Re1+ 
Be6 15.Kc2 O-O-O 16.Ba7 b6 17.Na3 Bxa3 18.bxa3 Kb7 
19.Bxb6 cxb6 20.Rab1 Bf5+ 21.Kb2 Bxb1 22.Kxb1 Nf6 
23.Re7+ Rd7 24.Re5 Rhd8 25.Kb2 R7d2+ 26.Kb3 Rxf2 
27.c4 Rd3+ 28.Kb4 Rb2+ 29.Ka4 Rxa2 30.Re7+ Rd7 
31.Re5 Rxh2 32.c5 Rh4+ 33.Kb3 bxc5 34.Rxc5 Rd3+ 
35.Kc2 Rg3 36.Rd5 Rh2+ 37.Rd2 Rxd2+ 38.Kxd2 h5 
39.Ke2 h4 40.Kf2 Rg4 41.Kf3 h3 0-1

[Event "HCL-B3849"]
[Site "www.playchess.de"]
[Date "2006.03.11"]
[Round "19"]
[White "nico21"]
[Black "Genesio"]
[WhiteElo "1512"]
[BlackElo "1091"]
[PlyCount "75"]
[Result "1-0"]

1.e4 c5 {Welcome!}  2.Nf3 d6 3.d4 Nc6 4.Bb5 Bd7 
5.Nc3 e5 6.Bxc6 bxc6 7.dxe5 Be6 8.Bg5 Be7 9.Bxe7 
Nxe7 10.exd6 Ng6 11.O-O O-O 12.e5 f6 13.Ne4 fxe5 
14.Nxc5 Bd5 15.Nd2 Qxd6 16.Nde4 Qc7 17.Qg4 Bxe4 
18.Ne6 Qd7 19.f3 Bf5 20.Nxf8 Rxf8 21.Qc4+ Be6 
22.Qe2 Rf5 23.Rfd1 Bd5 24.c4 Bxc4 25.Qxc4+ Qf7 
26.Qxf7+ Rxf7 27.Rd8+ Rf8 28.Rad1 Rxd8 29.Rxd8+ 
Nf8 30.Rc8 Kf7 31.Rxc6 Nd7 32.Ra6 Ke7 33.Rxa7 g6 
34.a4 Kd6 35.b3 Kc6 36.b4 Nb8 37.Rxh7 Kb6 
38.Rh6 1-0

[Event "HCL-T266"]
[Site "www.playchess.de"]
[Date "2006.03.11"]
[Round "5"]
[White "ksterleu"]
[Black "Idris"]
[WhiteElo "1553"]
[BlackElo "844"]
[PlyCount "75"]
[Result "1-0"]

1.e4 e6 2.d4 d5 3.Nc3 Bb4 4.e5 c5 5.a3 
{hi!
}  Bxc3+ {Hi}  6.bxc3 c4 7.Qg4 g6 8.Bg5 Qa5 9.Bd2 
Ne7 10.Nf3 Bd7 11.Be2 Nbc6 12.O-O f5 13.Qh4 O-O-O 
14.Ng5 Rdf8 15.Rfd1 h5 16.f4 Qb6 17.Rdb1 Qc7 
18.Qe1 h4 19.Qc1 h3 20.g3 Nd8 21.Qb2 b6 22.a4 Ndc6 
23.Qb5 Na5 24.Qa6+ Qb7 25.Qxb7+ Kxb7 26.Rb2 Rh5 
27.Bxh5 gxh5 28.Nxh3 Rh8 29.Kg2 Nac6 30.a5 b5 
31.Rxb5+ Kc7 32.Rab1 Kd8 33.Ng5 Be8 34.Nxe6+ Kd7 
35.Nc5+ Kc7 36.R5b7+ Kd8 37.Ne6+ Kc8 
38.Rc7+ 1-0

[Event "HCL-M888"]
[Site "www.playchess.de"]
[Date "2006.03.11"]
[Round "33"]
[White "gsmaior"]
[Black "Vince"]
[WhiteElo "2033"]
[BlackElo "1752"]
[PlyCount "51"]
[Result "1-0"]

1.d4 {greetings from Rio de Janeiro, Brazil, a 
nice game to you !}  Nf6 {Good luck to you}  2.c4 
e6 3.Nc3 Bb4 {You are playing in the early 
morning?}  4.e3 {i am playing here in many times 
(sorry about my poor english...), in the morning 
too...now in the afternoon (here is 18h10)}  O-O 
{Okay,I see,you do not sleep,ha ha}  5.Bd3 {i 
sleep on the board...ha ha}  d5 6.Nf3 dxc4 7.Bxc4 
Nc6 8.O-O Bxc3 9.bxc3 Ne4 10.Qc2 f5 11.Ba3 Rf7 
12.Rfd1 Qf6 13.Ne5 Nxe5 14.dxe5 Qg5 15.f4 Qh4 
16.g3 Nxg3 17.Qf2 g5 18.hxg3 Qh6 {SOS help me...}  
19.Rd8+ {sorry, i cannot help you...}  Kg7 {Just 
resign and I will be your friend...}  20.Rad1 
{sorry, but we can be friends only playing...}  
gxf4 {So cruel..}  21.Qxf4 {so, resign you, i 
think is more just...}  Qh5 {I am just joking,no 
sence of humor,Gustavo?}  22.Be2 {i am just 
joking, too... in this case, my sense of humour is 
exactly like yours...}  Qg6 {Sorry,but i am always 
like this when i think i will lose the game...}  
23.Re8 {ok, i understand you (and i hope that you 
understand me...)...}  h6 24.Rdd8 Bd7 25.Reg8+ Kh7 
26.Rgh8+ 1-0

[Event "HCL-E1582"]
[Site "www.playchess.de"]
[Date "2006.03.11"]
[Round "26"]
[White "Tarrega"]
[Black "PLAYCHESS1963"]
[WhiteElo "1701"]
[BlackElo "1732"]
[PlyCount "43"]
[Result "1-0"]

1.d4 {hi again}  Nf6 {HELLO}  2.c4 e6 3.Nf3 d5 
4.Bg5 c6 5.Nbd2 Nbd7 6.e3 Be7 7.Bd3 dxc4 8.Nxc4 
O-O 9.O-O b5 10.Nce5 Nxe5 11.Nxe5 Bb7 12.Qc2 Rc8 
13.Bxf6 Bxf6 14.Bxh7+ Kh8 15.Be4 Bxe5 16.dxe5 Qb6 
17.Qe2 f5 18.exf6 Rxf6 19.Rad1 Rd8 20.Qg4 Rh6 
21.Qg5 Rf8 22.Rd7 1-0

[Event "HCL-C4148"]
[Site "www.playchess.de"]
[Date "2006.03.11"]
[Round "23"]
[White "aussie"]
[Black "Idris"]
[WhiteElo "1095"]
[BlackElo "844"]
[PlyCount "59"]
[Result "1-0"]

1.d4 d5 2.Nc3 e6 3.Nf3 Nc6 4.Bf4 Bd6 5.Bxd6 Qxd6 
6.Qd2 Nf6 7.Nb5 Bd7 8.Nxd6+ cxd6 9.e3 Ne4 10.Qe2 
Nb4 11.c3 Nc6 12.g3 e5 13.Bg2 exd4 14.exd4 O-O 
15.O-O Bg4 16.Qb5 Rab8 17.Qxd5 Rfe8 18.Nh4 Be2 
19.Rfe1 Bd3 20.Bxe4 Bxe4 21.Rxe4 Rxe4 22.Qxe4 Rf8 
23.Re1 g6 24.b4 b5 25.Qxc6 Rb8 26.Qxd6 Rf8 27.Qd7 
a6 28.Re8 Kg7 29.Rxf8 Kxf8 30.Qb7 1-0

[Event "HCL-A2505"]
[Site "www.playchess.de"]
[Date "2006.03.11"]
[Round "10"]
[White "kali"]
[Black "taroak"]
[WhiteElo "1449"]
[BlackElo "1425"]
[PlyCount "61"]
[Result "1-0"]

1.e4 c5 2.Nf3 g6 3.d4 cxd4 4.Nxd4 Nc6 5.Nc3 Bg7 
6.Be3 Nf6 7.Bc4 O-O 8.O-O Nxe4 9.Nxe4 d5 10.Nxc6 
bxc6 11.Bxd5 cxd5 12.Ng5 h6 13.Nf3 Bxb2 14.Rb1 Bg7 
15.Nd4 e5 16.Nf3 Bf5 17.Rc1 d4 18.Bd2 e4 19.Ne1 
Be5 20.Bxh6 Re8 21.g3 Qd7 22.Ng2 Rac8 23.Bf4 Bg4 
24.Qd2 Bf3 25.Bxe5 Qh3 26.Nf4 Qf5 27.Bxd4 g5 
28.Ng2 f6 29.Ne3 Qh3 30.Bxf6 Rc5 
31.Qd4 1-0

[Event "HCL-A2505"]
[Site "www.playchess.de"]
[Date "2006.03.11"]
[Round "9"]
[White "taroak"]
[Black "saemi"]
[WhiteElo "1425"]
[BlackElo "1661"]
[PlyCount "72"]
[Result "0-1"]

1.e4 e5 {Hi, again.}  2.Bc4 {Howdy}  Nf6 3.d3 d5 
4.exd5 Nxd5 5.Nc3 Nxc3 6.bxc3 Bc5 7.Qe2 O-O 8.Nf3 
Bg4 9.Rb1 Bb6 10.O-O Nc6 11.Be3 Na5 12.Bb3 Nxb3 
13.cxb3 Bxf3 14.Qxf3 Qxd3 15.Rbc1 Bxe3 16.Rfd1 
Bxf2+ 17.Qxf2 Qb5 18.c4 Qe8 19.Rc3 Rd8 20.Re1 b6 
21.Rce3 f6 22.g4 Qg6 23.Qg2 Rd4 24.h3 Rfd8 25.g5 
R4d2 26.Qg3 Rxa2 27.gxf6 Rdd2 28.Qxg6 hxg6 29.fxg7 
Rdg2+ 30.Kh1 Kxg7 31.R3xe5 Rgh2+ 32.Kg1 Rxh3 
33.R5e7+ Kh6 34.Rxc7 Rxb3 35.Rd7 a5 36.Rd6 
a4 0-1

[Event "HCL-A2505"]
[Site "www.playchess.de"]
[Date "2006.03.11"]
[Round "26"]
[White "taroak"]
[Black "Marius_sah"]
[WhiteElo "1425"]
[BlackElo "1406"]
[PlyCount "61"]
[Result "1-0"]

1.d4 d5 {Hi. Good luck!}  2.c4 e6 3.Nc3 Nf6 4.Bg5 
Nbd7 5.cxd5 exd5 6.Nf3 c6 7.e3 Be7 8.Bd3 O-O 9.O-O 
h6 10.Bh4 Nh7 11.Bg3 Re8 12.Rb1 Ndf8 13.b4 Bd6 
14.Ne5 Bxe5 15.Bxe5 Nd7 16.Bg3 Ndf8 17.a4 a6 
18.Qe2 Ne6 19.Rb2 Nxd4 20.Bxh7+ Kxh7 21.Qd3+ Nf5 
22.b5 axb5 23.axb5 Ra3 24.bxc6 bxc6 25.Rc1 Qa5 
26.Rbc2 g6 27.Qd1 Nxg3 28.hxg3 Bf5 29.e4 dxe4 
30.Nb1 Ra2 31.R2xc6 1-0

[Event "HCL-E1590"]
[Site "www.playchess.de"]
[Date "2006.03.11"]
[Round "2"]
[White "chess50"]
[Black "yannick"]
[WhiteElo "2020"]
[BlackElo "1632"]
[PlyCount "117"]
[Result "1-0"]

1.e4 c6 {my revenge ?}  2.d4 d5 3.exd5 cxd5 4.c4 
Nf6 5.Nc3 Nc6 6.Bg5 e6 7.cxd5 exd5 8.Bb5 a6 9.Bxf6 
Qxf6 10.Nxd5 Qd6 11.Nb6 Rb8 12.Qe2+ Be6 13.Bxc6+ 
bxc6 14.Na4 Qxd4 15.Nc3 Bb4 16.Qc2 O-O 17.Nf3 
Bxc3+ 18.bxc3 Qf6 19.O-O Rfd8 20.Rfe1 Bf5 21.Qa4 
Rb2 22.Qa3 Rc2 23.Rad1 Rxd1 24.Rxd1 Bg6 25.Qxa6 h6 
26.a4 Qxc3 27.h3 Ra2 28.Rf1 Bd3 29.Qc8+ Kh7 30.Qd7 
Ra1 31.Rxa1 Qxa1+ 32.Kh2 Bc2 33.Qxc6 Bxa4 34.Qc4 
f6 35.Qe4+ Kg8 36.Qe6+ Kh7 37.Qf5+ g6 38.Qe6 Kg7 
39.Qe7+ Kg8 40.Nh4 Qe5+ 41.Qxe5 fxe5 42.Nxg6 e4 
43.Ne5 Kg7 44.Kg3 Bb3 45.Kf4 Bd5 46.g4 h5 47.gxh5 
Kh7 48.Kg5 Kg8 49.Nd7 Kg7 50.Nf6 Bc6 51.h4 Bb7 
52.h6+ Kh8 53.h7 Kg7 54.Kf4 Bc6 55.Ke5 Bb7 56.Nxe4 
Kxh7 57.f4 Kh6 58.f5 Bxe4 59.Kxe4 1-0

[Event "HCL-M879"]
[Site "www.playchess.de"]
[Date "2006.03.11"]
[Round "14"]
[White "spidey"]
[Black "solya"]
[WhiteElo "1885"]
[BlackElo "2044"]
[PlyCount "58"]
[Result "0-1"]

1.e4 {hi! hello from new york city}  c5 {Greetings 
from Budapest.}  2.Nf3 d6 3.d4 cxd4 4.Nxd4 Nf6 
5.Nc3 Nc6 6.Bg5 e6 7.Qd2 a6 8.O-O-O h6 9.Be3 Bd7 
10.f4 Qc7 11.Kb1 Be7 12.h3 b5 13.Bd3 O-O 14.g4 
Nxd4 15.Bxd4 Bc6 16.Rde1 b4 17.Nd1 e5 18.fxe5 dxe5 
19.Bf2 Rfd8 20.Qe2 Bb5 21.h4 Nxg4 22.Qxg4 Rxd3 
23.Rhg1 Bf8 24.Ne3 Rd2 25.Qg3 Qc6 26.Qf3 Ba4 
27.Rec1 Rc8 28.c3 bxc3 29.Rxc3 
Rxb2+ 0-1

[Event "HCL-M835"]
[Site "www.playchess.de"]
[Date "2006.03.11"]
[Round "35"]
[White "edmonte"]
[Black "R_I_C_H"]
[WhiteElo "2162"]
[BlackElo "1663"]
[PlyCount "58"]
[Result "0-1"]

1.e4 c5 {hello}  2.Nc3 d6 3.g3 Nf6 4.Bg2 g6 5.d3 
Bg7 6.f4 O-O 7.Nf3 Nc6 8.O-O Ne8 9.Re1 b5 10.Nxb5 
a6 11.Na3 Rb8 12.c3 e6 13.Nc4 Na5 14.Ne3 Bd7 15.d4 
Qb6 16.dxc5 Qxc5 17.Kh1 Bc6 18.Nd4 Nc7 {Merry 
Christmas!}  19.Nec2 d5 20.b4 Qe7 {oops! I can no 
longer take the c pawn..doh!}  21.bxa5 Qc5 22.Ba3 
Qxc3 23.Re3 Qc4 24.Bf1 Qa4 25.Bxf8 Bxf8 26.Rc3 Bb5 
27.Rxc7 Bxf1 28.Qxf1 Qxa5 29.Rd7 
dxe4 0-1

[Event "HCL-B3863"]
[Site "www.playchess.de"]
[Date "2006.03.11"]
[Round "8"]
[White "matthew"]
[Black "chessworm"]
[WhiteElo "1314"]
[BlackElo "1500"]
[PlyCount "66"]
[Result "0-1"]

1.e4 {hi}  c5 {Good Luck}  2.Bc4 {you too!}  Nc6 
3.Nc3 e6 4.d3 a6 5.a4 h6 6.Nf3 d6 7.Be3 Nf6 8.d4 
cxd4 9.Nxd4 Be7 10.O-O O-O 11.Qf3 Ne5 12.Qe2 Nxc4 
13.Qxc4 Bd7 14.Rad1 Rc8 15.Qd3 Ng4 16.Bc1 Ne5 
17.Qg3 Ng6 18.f4 Kh7 19.f5 exf5 20.exf5 Ne5 21.Ne4 
Bxa4 22.b3 Bc6 23.Qf4 Bg5 24.Nxg5+ Qxg5 25.Qxg5 
hxg5 26.Bxg5 Be4 27.Be7 Rfe8 28.Bxd6 Ng4 29.Bf4 
Bxc2 30.Nxc2 Rxc2 31.Rd7 Ree2 32.Rc1 Rxc1+ 33.Bxc1 
Re1+ 0-1

[Event "HCL-B3872"]
[Site "www.playchess.de"]
[Date "2006.03.11"]
[Round "5"]
[White "Tofik"]
[Black "adelar"]
[WhiteElo "1346"]
[BlackElo "1342"]
[PlyCount "43"]
[Result "1-0"]

1.e4 {Hi from Moscow. Have a nice game!}  e5 2.f4 
exf4 3.Nf3 d6 4.d4 g5 5.Bc4 Be6 6.d5 Bg4 7.h3 Bxf3 
8.Qxf3 Qf6 9.Nc3 h5 10.Rg1 Nd7 11.Bd2 Ne5 12.Qe2 
Nxc4 13.Qxc4 O-O-O 14.Nb5 Kb8 15.Qxc7+ Ka8 16.Qa5 
a6 17.Nc7+ Kb8 18.Qb6 Rd7 19.Nxa6+ Ka8 20.Nc7+ Kb8 
21.Nb5 Bg7 22.Qa7+ 1-0

[Event "HCL-C4221"]
[Site "www.playchess.de"]
[Date "2006.03.11"]
[Round "4"]
[White "gronico"]
[Black "Azimut"]
[WhiteElo "1225"]
[BlackElo "1415"]
[PlyCount "29"]
[Result "1/2-1/2"]

1.e4 d6 {Bon allez, je vais essayer de faire 
mieux... ;-)  Bien amicalement.}  2.d4 {lol ! 
Bonne partie !}  e6 {;-)}  3.Nc3 b6 4.Nf3 g6 
5.Bb5+ Nd7 6.Bg5 Ne7 7.Qd2 h6 8.Bh4 Bg7 9.e5 Bb7 
10.exd6 cxd6 11.O-O-O a6 12.Bxd7+ Qxd7 13.Rhe1 Nf5 
14.d5 e5 15.h3 {(offering draw)} 
 1/2-1/2

[Event "HCL-A2627"]
[Site "www.playchess.de"]
[Date "2006.03.11"]
[Round "11"]
[White "GCP"]
[Black "PhilipKaveny"]
[WhiteElo "1445"]
[BlackElo "1324"]
[PlyCount "73"]
[Result "1-0"]

1.e4 {good tournament, it seems to me it will be 
an hard one}  c5 2.c3 g6 {Yes It is pleasure to 
play you}  3.Nf3 d6 4.d4 cxd4 5.cxd4 Bg7 6.Bc4 e6 
7.Bg5 f6 8.Bd2 Ne7 9.d5 e5 10.Nc3 a6 11.O-O b5 
12.Bb3 Bb7 13.Ne2 Nd7 14.a4 O-O 15.h3 Nc5 16.Ng3 
bxa4 17.Bxa4 h6 18.Bc2 f5 19.exf5 Nxf5 20.Nxf5 
gxf5 21.b4 e4 22.bxc5 Bxa1 {Okay I will bite like 
a big fish}  23.c6 {only to let the game become 
amusing ... 
=)}  exf3 24.cxb7 fxg2 25.Kxg2 Ra7 {This feels 
best}  26.Qxa1 {;))}  Rxb7 27.Qxa6 Rg7+ 28.Kh2 Qe7 
29.Bxh6 Qe5+ {I thought you would do that we have 
our own three game match. In these two I feel the 
tide moving towards me}  30.f4 {it won't be so 
easy :))}  Qc3 31.Bxg7 {uhm, I have to give back 
to you some material...}  Qxc2+ {Do the bones live 
says the poet}  32.Kg3 {which one ??? did he play 
chess ???}  Kxg7 {banzi}  33.Qxd6 Qc3+ 34.Rf3 Qe1+ 
35.Kg2 Qe2+ 36.Rf2 Qe4+ 37.Kh2 {it was been 
laborious !}  1-0

[Event "HCL-C4123"]
[Site "www.playchess.de"]
[Date "2006.03.11"]
[Round "12"]
[White "Kelthek"]
[Black "Littlearza"]
[WhiteElo "712"]
[BlackElo "1585"]
[PlyCount "90"]
[Result "0-1"]

1.e4 {Hello and good luck!}  e5 2.Nf3 Nc6 {Good 
luck toyou too}  3.c3 Bc5 4.d4 exd4 5.Nxd4 Qe7 
6.Qd3 d5 7.Nd2 Nf6 8.Be2 dxe4 9.Nxe4 Nxe4 10.Be3 
Nxd4 11.Bxd4 Bxd4 12.Qxd4 O-O 13.O-O Bf5 14.Bd3 c5 
15.Qd5 g6 16.Rae1 Rad8 17.Qc4 Nd2 18.Qf4 Qd7 
19.Qxd2 Bxd3 20.Qh6 Bxf1 21.Rxf1 Qd1 22.h3 Qd6 
23.Re1 Rfe8 24.Re3 Rxe3 25.Qxe3 Qd7 26.Qxc5 Re8 
27.g4 Re1+ 28.Kg2 Qc6+ 29.Qxc6 bxc6 30.f4 Re2+ 
31.Kf3 Rxb2 32.a4 Ra2 33.Ke4 Rxa4+ 34.Ke5 a5 35.f5 
g5 36.Kf6 h6 37.Ke5 Ra1 38.Kd6 a4 39.c4 a3 40.Kxc6 
a2 41.c5 Rd1 42.Kb6 a1Q 43.c6 Qd4+ 44.Kb7 Qd8 
45.c7 Rd7 0-1

[Event "HCL-E1545"]
[Site "www.playchess.de"]
[Date "2006.03.11"]
[Round "4"]
[White "ggaarrii"]
[Black "Marius_sah"]
[WhiteElo "1736"]
[BlackElo "1683"]
[PlyCount "25"]
[Result "1-0"]

1.e4 e5 {Hi. Good luck!}  2.Nf3 {hi, you too}  Nc6 
3.Bb5 a6 4.Ba4 Nf6 5.O-O b5 6.Bb3 Be7 7.Re1 O-O 
8.c3 d5 9.exd5 Nxd5 10.Nxe5 Nxe5 11.Rxe5 c6 12.d4 
Bd6 13.Re1 1-0

[Event "HCL-B3906"]
[Site "www.playchess.de"]
[Date "2006.03.11"]
[Round "7"]
[White "chessworm"]
[Black "Aggie"]
[WhiteElo "1758"]
[BlackElo "1337"]
[PlyCount "65"]
[Result "1-0"]

1.d4 d5 2.c4 dxc4 3.Nc3 c6 4.e4 Nf6 5.Bxc4 b5 
6.Bb3 b4 7.Na4 Nxe4 8.Be3 Bf5 9.f3 Nd6 10.Nc5 Nd7 
11.Nd3 Bxd3 12.Qxd3 g6 13.Rc1 Qc7 14.Ne2 Bg7 
15.Ba4 Nb8 16.O-O O-O 17.Rc2 Qb6 18.d5 Qa5 19.Bxc6 
Nxc6 20.dxc6 Qxa2 21.b3 Qa5 22.c7 Rfc8 23.Rc5 Qa3 
24.Rfc1 Ne8 25.Nd4 Qa2 26.R5c2 Qa5 27.Nc6 Qa3 
28.Nxe7+ Kf8 29.Nxc8 Rxc8 30.Qd8 Qa6 31.Bc5+ Kg8 
32.Re1 Bf8 33.Rxe8 1-0

[Event "HCL-A2543"]
[Site "www.playchess.de"]
[Date "2006.03.11"]
[Round "1"]
[White "alvimrf"]
[Black "froilo"]
[WhiteElo "1784"]
[BlackElo "1386"]
[PlyCount "119"]
[Result "0-1"]

1.c4 Nf6 2.d4 e6 3.Bg5 Be7 4.Nf3 O-O 5.e3 b6 6.Nc3 
Bb7 7.Bd3 d6 8.Qc2 g6 9.h4 Nbd7 10.h5 Nxh5 11.g4 
Bxg5 12.gxh5 Bxf3 13.Rg1 Bxh5 14.Be4 Rb8 15.Bc6 
Bh6 16.Qa4 Nf6 17.Qxa7 d5 18.cxd5 exd5 19.Qa3 Qd6 
20.Nxd5 Nxd5 21.Qxd6 cxd6 22.Bxd5 Rbc8 23.Kd2 Rc7 
24.Rgc1 Rfc8 25.Rxc7 Rxc7 26.a4 Kg7 27.b4 Bg4 
28.a5 bxa5 29.bxa5 Be6 30.Bxe6 fxe6 31.a6 Ra7 
32.Ke2 Kf6 33.Kf3 Kf5 34.Ra4 Kf6 35.Ra1 Bf8 36.Kg3 
d5 37.e4 dxe4 38.Kf4 h5 39.Kxe4 g5 40.Ke3 Bd6 
41.Ke2 h4 42.f3 Kf5 43.Ra4 h3 44.Kf2 h2 45.Kg2 Rh7 
46.Kh1 Rc7 47.Ra1 Ra7 48.Ra2 g4 49.Ra5+ Kf4 
50.fxg4 Kxg4 51.Ra4 Kf3 52.Ra5 Rc7 53.Ra1 Ra7 
54.Ra5 Ke4 55.Ra4 Rg7 56.Ra1 Bb8 57.Rb1 Rg1+ 
58.Rxg1 hxg1Q+ 59.Kxg1 Kxd4 60.Kf2 0-1

[Event "HCL-A2616"]
[Site "www.playchess.de"]
[Date "2006.03.11"]
[Round "6"]
[White "talewisx"]
[Black "Maahinen"]
[WhiteElo "1284"]
[BlackElo "1736"]
[PlyCount "50"]
[Result "0-1"]

1.c4 c6 2.Nf3 Nf6 3.Nc3 d5 4.d4 e6 5.Bg5 h6 6.Bxf6 
Qxf6 7.g3 Nd7 8.Bg2 dxc4 9.e4 e5 10.O-O exd4 11.e5 
Nxe5 12.Nxe5 dxc3 13.bxc3 Bc5 14.Nxc6 bxc6 15.Qe2+ 
Kf8 16.Rae1 Be6 17.Bxc6 Rc8 18.Bb5 Qxc3 19.Rec1 
Qd3 20.Qe5 Bd6 21.Qe1 Qf3 22.Rc3 Qb7 23.Qe2 Bh3 
24.f3 Bxf1 25.Rxc4 Bxe2 0-1

[Event "HCL-A2509"]
[Site "www.playchess.de"]
[Date "2006.03.11"]
[Round "22"]
[White "froilo"]
[Black "saemi"]
[WhiteElo "1402"]
[BlackElo "1645"]
[PlyCount "97"]
[Result "1-0"]

1.Nf3 d5 {Hello from Iceland}  2.b3 f6 3.Bb2 
{Hello from Colombia}  e5 4.e3 Bg4 5.Be2 c5 6.d3 
Nc6 7.Nbd2 Bd6 8.e4 d4 9.Nxd4 Nxd4 10.Bxg4 Ne7 
11.Nf3 h5 12.Bh3 g5 13.Nxd4 cxd4 14.g3 Bb4+ 15.Kf1 
g4 16.Bg2 Qc7 17.a3 Bc3 18.Rb1 Rc8 19.f3 Bxb2 
20.Rxb2 Qc3 21.Ra2 Rc6 22.Kf2 Ra6 23.Rf1 Nc6 
24.Ra1 Kf7 25.fxg4 hxg4 26.Kg1 Ne7 27.Qe2 f5 
28.exf5 Rah6 29.f6 Rxf6 30.Rxf6+ Kxf6 31.Rf1+ Ke6 
32.Qxg4+ Kd6 33.Rf6+ Kc7 34.Qg7 Qe1+ 35.Bf1 Qe3+ 
36.Kh1 Re8 37.Rf7 Kd8 38.Rf8 Nc6 39.Qf6+ Kd7 
40.Bh3+ Kc7 41.Rxe8 Qc1+ 42.Bf1 Qxc2 43.Qf7+ Kb6 
44.Qc4 Qf2 45.Qc1 Qf7 46.Rc8 Qxb3 47.Bg2 Qb5 
48.Bxc6 bxc6 49.Rb8+ 1-0

[Event "HCL-B3925"]
[Site "www.playchess.de"]
[Date "2006.03.12"]
[Round "10"]
[White "kolmar"]
[Black "larese"]
[WhiteElo "1086"]
[BlackElo "1200"]
[PlyCount "72"]
[Result "1-0"]

1.e4 e5 2.Nf3 Nc6 3.Bc4 h6 4.Nc3 Nf6 5.d3 Bb4 
6.Bd2 Bxc3 7.Bxc3 d5 8.exd5 Nxd5 9.Nxe5 Nxc3 
10.Qh5 g6 11.Bxf7+ Kf8 12.Nxg6+ Kxf7 13.Nxh8+ Kg7 
14.Qg6+ Kxh8 15.Qxh6+ Kg8 16.bxc3 Qe7+ 17.Qe3 Be6 
18.O-O Rf8 19.Rae1 Rf6 20.f4 Qf7 21.c4 Qg7 22.Rf3 
Bg4 23.Rg3 Rg6 24.Qf2 Ne7 25.h3 Bf5 26.Rxg6 Nxg6 
27.g4 Bd7 28.f5 Nf8 29.f6 Qh6 30.Re7 Bc6 31.Qf5 
Qc1+ 32.Kh2 Qxc2+ 33.Kg3 Qg2+ 34.Kh4 Qd2 35.Rg7+ 
Kh8 36.Qh5+ Nh7 1-0

[Event "HCL-E1545"]
[Site "www.playchess.de"]
[Date "2006.03.12"]
[Round "10"]
[White "Marius_sah"]
[Black "Josef"]
[WhiteElo "1683"]
[BlackElo "1625"]
[PlyCount "32"]
[Result "0-1"]

1.e4 {Hi. Good luck!}  c5 {hi, good luck}  2.Nf3 
d6 3.d4 cxd4 4.Nxd4 Nf6 5.Nc3 a6 6.Bc4 Qc7 7.Bb3 
e6 8.O-O Be7 9.f4 Nc6 10.Be3 O-O 11.Rc1 b5 12.Nxc6 
Qxc6 13.e5 dxe5 14.fxe5 Bb7 15.Rf2 Rad8 16.Qe2 
Ne4 0-1

[Event "HCL-A2586"]
[Site "www.playchess.de"]
[Date "2006.03.12"]
[Round "1"]
[White "victorabiodun03"]
[Black "Felipe_Lungov"]
[WhiteElo "1357"]
[BlackElo "1274"]
[PlyCount "79"]
[Result "1-0"]

1.e4 e6 2.d3 d5 3.Nd2 g6 4.Ngf3 Bg7 5.g3 Ne7 6.Bg2 
O-O 7.O-O Nbc6 8.Re1 Re8 9.e5 h5 10.d4 Nf5 11.c3 
f6 12.exf6 Qxf6 13.Nf1 Nce7 14.Bg5 Qf8 15.Ne5 Bh6 
16.Qd2 Bxg5 17.Qxg5 Kg7 18.Bf3 Qf6 19.Qxf6+ Kxf6 
20.Ne3 Rf8 21.b4 Kg7 22.Kg2 b6 23.a4 Bb7 24.Nxf5+ 
Nxf5 25.Nd7 Rf7 26.Ne5 Re7 27.Rad1 Rf8 28.c4 Rd8 
29.c5 bxc5 30.bxc5 Rb8 31.Rdb1 Nxd4 32.c6 Nxf3 
33.Nxf3 Bxc6 34.Rxb8 Bxa4 35.Rb7 Kf7 36.Rxa7 Bb5 
37.h4 c5 38.Ng5+ Kf8 39.Nxe6+ Kf7 
40.Ng5+ 1-0

[Event "HCL-B3837"]
[Site "www.playchess.de"]
[Date "2006.03.12"]
[Round "8"]
[White "Felipe_Lungov"]
[Black "Varaboca"]
[WhiteElo "1270"]
[BlackElo "1006"]
[PlyCount "141"]
[Result "1-0"]

1.d4 {hi, good game}  d5 {Salud and good luck.}  
2.c4 g6 3.cxd5 Qxd5 4.Nc3 Qa5 5.e4 c6 6.Nf3 Bg7 
7.Bd2 Qc7 8.a4 Qd8 9.e5 e6 10.Bd3 Nh6 11.O-O O-O 
12.Ne4 Nf5 13.Bc3 Na6 14.g4 Ne7 15.Nd6 Nd5 16.Qc2 
Nab4 17.Bxb4 Nxb4 18.Qb3 Nxd3 19.Qxd3 f6 20.Rad1 
b6 21.Qc4 a5 22.Qxc6 Ba6 23.Nc4 Rb8 24.Qxe6+ Kh8 
25.Rfe1 Bc8 26.Qd6 Bxg4 27.Rd3 Re8 28.Qxd8 Rexd8 
29.Re4 Bf5 30.Ree3 Bxd3 31.Rxd3 b5 32.Nxa5 Rdc8 
33.axb5 Rxb5 34.Nb3 Rc2 35.h4 h5 36.e6 Bf8 37.Re3 
Be7 38.Rd3 Rd5 39.Rd2 Rc6 40.Re2 Kg7 41.Kg2 Kh6 
42.Kg3 g5 43.hxg5+ fxg5 44.Ne5 Rxe6 45.Nf7+ Kg7 
46.Rxe6 Kxf7 47.Re4 Bd6+ 48.Kh3 Rf5 49.Kg2 g4 
50.Nd2 Rf6 51.f3 g3 52.Rh4 Rf5 53.Ne4 Bc7 54.Nxg3 
Rg5 55.f4 Rg6 56.Rxh5 Bxf4 57.Rf5+ Rf6 58.Rxf6+ 
Kxf6 59.Ne4+ Kf5 60.Kf3 Bc7 61.Ke3 Ke6 62.Kd3 Bb6 
63.Kc4 Kd7 64.d5 Kc7 65.Kb5 Bd4 66.d6+ Kd7 67.b4 
Be3 68.Ka6 Bf4 69.b5 Bxd6 70.Nxd6 Kxd6 
71.Ka7 1-0

[Event "HCL-A2592"]
[Site "www.playchess.de"]
[Date "2006.03.12"]
[Round "3"]
[White "FighterFights"]
[Black "narayanan"]
[WhiteElo "1908"]
[BlackElo "1700"]
[PlyCount "49"]
[Result "1-0"]

1.Nf3 Nc6 2.e4 e5 3.Bb5 Nge7 4.O-O a6 5.Ba4 h6 
6.d4 exd4 7.Nxd4 b5 8.Bb3 Bb7 9.Re1 Ng6 10.c3 Bd6 
11.Nf5 O-O 12.Nxd6 cxd6 13.Qxd6 Nce5 14.Nd2 Rb8 
15.f4 Nc4 16.Nxc4 bxc4 17.Bxc4 Ne7 18.f5 Kh8 19.f6 
gxf6 20.Qxf6+ Kg8 21.Bxh6 Nf5 22.Qxf5 Qb6+ 23.Be3 
Qxb2 24.Bd4 Rfc8 25.Qxf7+ 1-0

[Event "HCL-B3686"]
[Site "www.playchess.de"]
[Date "2006.03.12"]
[Round "6"]
[White "jsaemi"]
[Black "vangogh"]
[WhiteElo "1477"]
[BlackElo "1200"]
[PlyCount "88"]
[Result "0-1"]

1.e4 c6 2.Nf3 d5 3.exd5 cxd5 4.Bb5+ Bd7 5.Qe2 e6 
6.O-O Nf6 7.Bxd7+ Qxd7 8.d3 Be7 9.Nc3 O-O 10.h3 
Nc6 11.a3 Rac8 12.Bf4 Rfe8 13.b4 Nxb4 14.axb4 Rxc3 
15.Be5 Rcc8 16.c3 b6 17.Ra2 Qb7 18.Rfa1 Rca8 
19.Nd4 Nd7 20.Nb5 a6 21.Nc7 Nxe5 22.Nxa8 Bf6 
23.R2xa6 Nd7 24.R6a7 Qc6 25.d4 Qxc3 26.R1a6 Qc6 
27.Rc7 Qd6 28.Qb5 Rd8 29.Rc6 Qb8 30.Nxb6 Nxb6 
31.Rcxb6 Qf4 32.Rbc6 Bxd4 33.Qe2 g6 34.b5 Rb8 
35.Ra2 Kg7 36.Rac2 Ra8 37.g3 Qxg3+ 38.Kf1 Qxh3+ 
39.Ke1 Qb3 40.Qd2 Ra1+ 41.R2c1 Ra4 42.Qc2 Qxb5 
43.Rb1 Qa5+ 44.Kf1 Ra2 0-1

[Event "HCL-B3921"]
[Site "www.playchess.de"]
[Date "2006.03.12"]
[Round "1"]
[White "todwag"]
[Black "mc"]
[WhiteElo "1200"]
[BlackElo "1500"]
[PlyCount "36"]
[Result "0-1"]

1.e4 {Is this you, Ming?}  e5 {yes...it's me.  let 
the game begins!}  2.Nc3 {Well looks like one more 
and the tournament is full.}  Nf6 3.f4 d5 
{interesting opening ... I'm new to this line.  I 
had to refer to my opening book :-)}  4.fxe5 {Its 
Vienna.}  Nxe4 {This game will give me an 
opportunity to study the Vienna.  This is one 
opening which I don't have good results with.  
Hopefully this will change :-)}  5.Nf3 {Are your 
other tournament games moving along?}  Bc5 {Other 
games are not as fast as ours.  I've done some 
searching in this position and it seems like 
...Be7 is more common.  I like to experiment with 
...Bc5 which seems more exciting !?  You know 
me..I don't like to follow the conventional path 
:-)}  6.Qe2 Bf2+ 7.Kd1 Nxc3+ {initially I was 
thinking about playing the wild ...Bb6 but giving 
up the center pawn is a tough thing to swallow.  I 
will go with the safe route and capture on c3}  
8.dxc3 {Maybe its not so bad, I thought you capped 
a pawn with the bishop.  Now I should gain a 
little tempo.}  Bb6 {I thought about Bc5 but I 
don't like the idea of white Qb5+ and wins the d5 
pawn after Bg5.  Again I'm taking the safe route 
to retreat the bishop to b6 square.}  9.Qb5+ {Yes, 
I hoped for Bc5, but wouldnt i win your c5 
bishop?}  c6 10.Qb4 a5 11.Qh4 Qxh4 {hmmm... queen 
trade?  yes I accept...}  12.Nxh4 O-O 13.Bd3 f6 
14.Bf4 fxe5 15.Bxe5 Bg4+ 16.Be2 Bxe2+ 17.Kxe2 Re8 
18.Nf3 {Well I think you got my bishop.}  
Nd7 0-1